Karo: cuerpos pintados. Culturas tradicionales, Africa

I tiakina i:
Ngā taipitopito rārangi puna kōrero
Kaituhi rangatōpū: Taller Experimental Cuerpos Pintados (Author)
Hōputu: Pukapuka
Reo:Pāniora
I whakaputaina: Santiago Taller Experimental Cuerpos Pintados 2003
Putanga:1a. ed
Rangatū:Colección Culturas Tradicionales. Africa D2
Ngā marau:
Ngā Tūtohu: Tāpirihia he Tūtohu
Kāore He Tūtohu, Me noho koe te mea tuatahi ki te tūtohu i tēnei pūkete!

MARC

LEADER 00000cam a2200000 a 4500
001 UCF9404
003 CL-VaPUC
008 131115e20030000cl |||||||||||||||||spa|d
020 |a 9562951057 
082 0 4 |a 750  |b TAL  |2 21 
110 2 |a Taller Experimental Cuerpos Pintados  |e author  |9 571689 
245 1 0 |a Karo: cuerpos pintados. Culturas tradicionales, Africa 
250 |a 1a. ed 
300 |a pág. irreg 
942 |c BK 
945 |d 20131115 14:49:00  |a dcastane 
260 |a Santiago  |b Taller Experimental Cuerpos Pintados  |c 2003 
500 |a Fotografía de Angela Fisher y Carol Beckwith 
650 7 |a DESNUDO EN EL ARTE  |2 CL-VaPUC  |9 444355 
650 0 |a Pintura  |9 265046 
651 0 |a África  |9 256790 
583 |a last modification  |c 20131128 11:25:22  |k Rodrigo Vera 
490 0 |a Colección Culturas Tradicionales. Africa D2 
999 |c 353850  |d 353848 
952 |0 0  |1 0  |3 erd  |4 0  |6 750_000000000000000_TAL_2003  |7 0  |8 C  |9 459271  |a BIBCUR  |b BIBCUR  |i 5024986  |o 750 TAL 2003  |p 5024986  |r 2024-01-29  |w 2019-11-23  |y BK  |z Catalogado en:20131115  |k CAC